Contemporary Esthetic Dentistry / (Record no. 17162)
[ view plain ]
| 000 -LEADER | |
|---|---|
| fixed length control field | 00853cam a22002658a 4500 |
| 001 - CONTROL NUMBER | |
| control field | 17022584 |
| 005 - DATE AND TIME OF LATEST TRANSACTION | |
| control field | 20130129142400.0 |
| 008 - FIXED-LENGTH DATA ELEMENTS--GENERAL INFORMATION | |
| fixed length control field | 111025s2012 mou b 001 0 eng |
| 010 ## - LIBRARY OF CONGRESS CONTROL NUMBER | |
| LC control number | 2011044457 |
| 020 ## - INTERNATIONAL STANDARD BOOK NUMBER | |
| International Standard Book Number | 9780323068956 (hardcover : alk. paper) |
| 082 00 - DEWEY DECIMAL CLASSIFICATION NUMBER | |
| Classification number | 617.695 |
| Edition number | 23 |
| Item number | CON |
| 245 00 - TITLE STATEMENT | |
| Title | Contemporary Esthetic Dentistry / |
| Statement of responsibility, etc | [edited by] George A. Freedman. |
| 260 ## - PUBLICATION, DISTRIBUTION, ETC. (IMPRINT) | |
| Place of publication, distribution, etc | St. Louis, Mo. : |
| Name of publisher, distributor, etc | Elsevier, |
| Date of publication, distribution, etc | c2012. |
| 263 ## - PROJECTED PUBLICATION DATE | |
| Projected publication date | 1112 |
| 300 ## - PHYSICAL DESCRIPTION | |
| Extent | 805 p. ; |
| Dimensions | 28 cm. |
| 504 ## - BIBLIOGRAPHY, ETC. NOTE | |
| Bibliography, etc | Includes bibliographical references and index. |
| 650 12 - SUBJECT ADDED ENTRY--TOPICAL TERM | |
| Topical term or geographic name as entry element | Esthetics, Dental. |
| 9 (RLIN) | 30623 |
| 650 22 - SUBJECT ADDED ENTRY--TOPICAL TERM | |
| Topical term or geographic name as entry element | Dental Bonding. |
| 9 (RLIN) | 32087 |
| 650 22 - SUBJECT ADDED ENTRY--TOPICAL TERM | |
| Topical term or geographic name as entry element | Dental Materials. |
| 9 (RLIN) | 32088 |
| 650 22 - SUBJECT ADDED ENTRY--TOPICAL TERM | |
| Topical term or geographic name as entry element | Dental Restoration, Permanent. |
| 9 (RLIN) | 32089 |
| 650 22 - SUBJECT ADDED ENTRY--TOPICAL TERM | |
| Topical term or geographic name as entry element | Oral Surgical Procedures. |
| 9 (RLIN) | 32090 |
| 653 ## - INDEX TERM--UNCONTROLLED | |
| Resource For college | |
| Arrived date list | January2013 |
| 700 1# - ADDED ENTRY--PERSONAL NAME | |
| Personal name | Freedman, George A. |
| 9 (RLIN) | 32091 |
| 942 ## - ADDED ENTRY ELEMENTS (KOHA) | |
| Source of classification or shelving scheme | Dewey Decimal Classification |
| Item type | |
| Withdrawn status | Item status | Source of classification or shelving scheme | Damaged status | Not for loan | Vendor | Home library | Current library | Shelving location | Date acquired | Source of acquisition | Cost, normal purchase price | Serial Enumeration / chronology | Total Checkouts | Total Renewals | Full call number | Barcode | Checked out | Date last seen | Date last borrowed | Koha item type |
|---|---|---|---|---|---|---|---|---|---|---|---|---|---|---|---|---|---|---|---|---|
| Dewey Decimal Classification | Central Library | Central Library | First floor | 29/01/2013 | 1100.00 | 02516 | 4 | 11 | 617.695 CON | 000027922 | 22/02/2022 | 23/01/2022 | 23/01/2022 | Book - Borrowing |